Statistiques concernant Les plus grandes villes d'Afrique

Cliquez ici pour prendre le quiz!

Statistiques générales

  • Ce quiz a été pris 5 985 fois
    (3 416 depuis la dernière actualisation)
  • Le résultat moyen est 13 sur 21

Statistiques - réponses

PopulationAgglomération% Correct
21,5 MLe Caire
97%
4,03 MAlger
95%
14,2 MJohannesburg / Pretoria
92%
13,9 MKinshasa
85%
4,30 MLe Cap
84%
3,93 MDakar
81%
20,1 MLagos
79%
6,10 MNairobi
77%
4,55 MCasablanca
72%
5,95 MAlexandrie
67%
3,90 MAddis-Abeba
65%
6,50 MKhartoum
62%
5,75 MAbidjan
62%
8,44 MLuanda
58%
5,20 MAccra
49%
6,45 MDar es Salam
48%
3,73 MAbuja
47%
3,68 MKampala
33%
3,68 MBamako
31%
4,85 MKano
18%
3,68 MIbadan
12%

Distribution des résultats

Percentile par nombre de réponses

% des personnes avec chaque résultat

Votre développement - résultats

Vous n’avez pas pris ce quiz depuis la dernière actualisation